01297nam a2200241Ia 450000100060000000300090000600800410001504000130005604000130006904100130008210000210009510000290011624500820014524500820022725000110030926000110032026000160033126000490034730000570039650005490045365000220100265000310102488368IT-RoPAU130308s9999 xx 000 0 und d aIT-RoPAU cIT-RoPAU aITALIANO aNatoli Salvatore gCodice Aut. SPICS: 31501 aErmeneutica e genealogia-Filosofia e metodo in Nietzsche, Heidegger, Foucault bErmeneutica e Genealogia-Filosofia e Metodo in Nietzsche, Heidegger, Foucault a2a ed. aMILANO bFeltrinelli c1988 [1° Ed.:1981 - Ed.Ling.Originale:1981] a"204 p. (prefazione: no ; testo: 204 [pagine: 0-0])" aNietzsche e la Dialettica del Tragico Nietzsche contro Hegel superamento dell'Idealismo e del Pessimismo e Nascita della Tragedia Dialettica del Tragico e del Logico Ragione e Artificio Ermeneutica e Dialettica Volontà di potenza ed Eternità del Gioco Heidegger Critica e Ontologia topos Critico testo per la Critica misura Ontologica per una Lettura di Heidegger fondamento Ontologico Critica tra compito e Attesa Foucault e la genealogia della Ragione moderna Cartesio e L'Idea di Ragione Nascita della Ragione moderna Ragione e Discorso aLOGICA FILOSOFICA eCodice materia Spics: 3151